[Event "THA-ch Rapid"]
[Site "Bangkok"]
[Date "2023.12.05"]
[Round "2"]
[White "Kulpruethanon, Thanadon"]
[Black "Thasangkha, Phakawan"]
[Result "1-0"]
[WhiteElo "2187"]
[BlackElo "1611"]
[PlyCount "75"]
[EventDate "2023.12.05"]
[EventType "swiss (rapid)"]
[EventRounds "13"]
[EventCountry "THA"]
[SourceTitle "CBM 217 Extra"]
[Source "ChessBase"]
[SourceDate "2024.01.31"]
[SourceVersion "1"]
[SourceVersionDate "2024.01.31"]
[SourceQuality "1"]

1. Nf3 Nf6 2. g3 g6 3. b3 d5 4. Bb2 Bg7 5. Bg2 0-0 6. 0-0 c6 7. c4 Qb6 8. Qc2 Bf5 9. d3 dxc4 10. bxc4 Nbd7 11. Nbd2 Ne8 12. Rab1 Bxb2 13. Rxb2 Qc7 14. Rfb1 Rb8 15. Qa4 b6 16. Nd4 Nd6 17. Qxc6 Rbc8 18. Qxc7 Rxc7 19. a4 e5 20. Nb5 Nxb5 21. Rxb5 Nc5 22. a5 bxa5 23. Rxa5 Re8 24. Rbb5 e4 25. Rxc5 exd3 26. exd3 Rd7 27. Be4 Be6 28. Kg2 Red8 29. Nf3 f5 30. Bd5 Bxd5 31. Rxd5 Kf8 32. Rxd7 Rxd7 33. d4 Ke7 34. Ra6 Rc7 35. c5 Kd7 36. Ne5+ Ke7 37. Nc6+ Kf7 38. Rxa7 1-0

[Event "THA-ch Rapid"]
[Site "Bangkok"]
[Date "2023.12.05"]
[Round "3"]
[White "Thasangkha, Phakawan"]
[Black "Burbach, Anya Belle"]
[Result "0-1"]
[WhiteElo "1611"]
[BlackElo "1301"]
[PlyCount "52"]
[EventDate "2023.12.05"]
[EventType "swiss (rapid)"]
[EventRounds "13"]
[EventCountry "THA"]
[SourceTitle "CBM 217 Extra"]
[Source "ChessBase"]
[SourceDate "2024.01.31"]
[SourceVersion "1"]
[SourceVersionDate "2024.01.31"]
[SourceQuality "1"]

1. d4 Nf6 2. Bg5 e6 3. Nf3 b6 4. g3 Bb7 5. Bg2 h6 6. Bd2 Be7 7. 0-0 0-0 8. c4 d6 9. Nc3 Nbd7 10. b4 c5 11. bxc5 dxc5 12. Bf4 cxd4 13. Nxd4 Bxg2 14. Kxg2 Rc8 15. Qa4 Nc5 16. Qxa7 Qxd4 17. Nb5 Qe4+ 18. Kg1 Qb7 19. Qa3 Nce4 20. Qb3 Rfd8 21. Be3 Nd2 22. Bxd2 Rxd2 23. Rfe1 Bc5 24. Qc3 Rcd8 25. a4 Ne4 26. Qf3 Bxf2+ 0-1